000 00719nam a2200253Ia 4500
003 OSt
005 20221005035502.0
006 a|||||r|||| 00| 0
007 ta
008 221004b |||||||| |||| 00| 0 urd d
020 _a9789380919959 (hbk)
_c200
024 _a24446
037 _b4625, 31/12/2015, Kitabi Duniya
_cTextual
040 _aCRL
_cCRL
_burd
041 _2urd
_aurd
082 _aO168,1NASx, Q4
100 _aSoaz Ahmed
245 0 _aDard ki guzar gahen
260 _aDelhi
_bKitabi Duniya India
_c2014
300 _a157p.
_ccm.
650 _aURDU POETRY
942 _hO168,1NASx, Q4
_cTEXL
_2cc
999 _c945218
_d945218